01033nam a22002657a 450000500170000001000130001702000230003003500130005303700160006604000120008208200150009424501180010926000490022727000600027630000200033650000440035665000330040065000300043370000230046370000210048670000260050794200240053399900190055795201910057620170124110031.0 aA-897972 c350.00a818688047X aA-897972 bCen Lib/Ret aDPLbEN a374.4bSCI aScience and technology through open and distance education /cedited by Suresh Garg, Santosh Panda [and] Vijashri aNew DelhibAravali Books Internationalc1998 bNew DelhiaW-10, Okhla Industrial Area Phase IIe110020 a218p.c22cm(Hb) aIncludes bibliographical references  aTechnical education. 925979 aDistance education.97875 aGarg, Suresh92970 aVijayshri974282 aPanda, Santosh921732 2ddccENh374.4mSCI c127856d127856 04104070aLbLd2015-06-30eCen Lib/Retg350.00l0o374.4 SCIpA-897972r2015-06-30 00:00:00t1v350.00w2016-09-15yENzWritten off on approval by DLB (By Circulation); dtd 15-06-2023